Statistics for Tyler, The Creator Discography

Click here to take the quiz!

General Stats

  • This quiz has been taken 2,350 times
    (1,800 since last reset)
  • The average score is 7 of 7

Answer Stats

YearNameType% Correct
2019IGORAlbum
99%
2017Flower BoyAlbum
98%
2021Call Me If You Get LostAlbum
97%
2011GoblinAlbum
95%
2013WolfAlbum
95%
2015Cherry BombAlbum
94%
2009BastardMixtape
83%

Score Distribution

Percentile by Number Answered

Percent of People with Each Score

Your Score History

You have not taken this quiz since the last reset